Zákon o reklame zákon č. 147/2001 Z. z. o reklame s komentárom

Právna úprava reklamy, jej súčasné znenie a zmeny v legislatíve na Slovensku a v rámci Európskej únie. Prehľad jednotlivých častí zákona s komentármi a poznámkami. Určenie cieľov reklamy, cieľovej skupiny a marketingového cieľa. Klasifikácia cieľov reklamy podľa primárneho účelu – reklama ako inform...

Descrizione completa

Salvato in:
Dettagli Bibliografici
Autore principale: Kevula, Jozef
Natura: Capitolo di libro
Lingua:slovacco
Soggetti:
Tags: Aggiungi Tag
Nessun Tag, puoi essere il primo ad aggiungerne!!

MARC

LEADER 00000naa a2200000 4500
001 0270019
005 20201123143540.1
041 0 |a slo 
044 |a SK 
245 1 0 |a Zákon o reklame  |b zákon č. 147/2001 Z. z. o reklame s komentárom  |c Jozef Kevula 
520 |a Právna úprava reklamy, jej súčasné znenie a zmeny v legislatíve na Slovensku a v rámci Európskej únie. Prehľad jednotlivých častí zákona s komentármi a poznámkami. Určenie cieľov reklamy, cieľovej skupiny a marketingového cieľa. Klasifikácia cieľov reklamy podľa primárneho účelu – reklama ako informovanie, presviedčanie, pripomínanie či porovnávanie. Klamlivosť reklamy. Špecifické prípady ako reklama liekov či tabakových výrobkov. 
610 2 0 |a reklama 
610 2 0 |a marketing 
610 2 0 |a kontrola reklamy 
610 2 0 |a legislatíva 
610 2 0 |a zákony 
610 2 0 |a zákonník obchodný 
610 2 0 |a právo obchodné 
610 2 0 |a právo európske 
100 1 |a Kevula, Jozef